01451nam a2200349 i 450000500170000000700030001700800410002002000180006104000350007904100130011408400110012710000340013824501910017225000230036326400750038630000250046133600270048633700330051333800280054652100380057453400760061254500950068865000390078365000410082265000390086365000280090270000380093070000490096870000540101794200150107199900150108620220317002037.0ta201109m19932016ck a er 001 pdspa d a9789587743708 aCO-BoRNBPbspaerdacCO-BoRNBP1 aspahdut aP NOO11 aNooteboom, Ceesd1933-eautor10aAutorretrato de otrobsueños de la isla y la ciudad de antaño cCees Nooteboom ; dibujos de Max Neumann ; prólogo de Alberto Manguel ; traducción de Fernando García de la Banda aSegunda edición  1aBogotábUniversidad de los AndesbCasa de Poesía Silvac1993c2016 a123 páginasc23 cm 2rdacontentatextobtxt 2rdamediaasin mediaciónbn 2rdacarrieravolumenbnc aRecomendado para público adulto tZelfportret van een ander. Dromen van het eiland en de stad van vroeger aIncluye datos biográficos del autor, ilustrador, prologuista y traductor en las solapas172LEMBaPoesía holandesaySiglo XX172LEMBaLiteratura holandesaySiglo XX172LEMBaAutores holandesesySiglo XX172LEMBaPaisajevPoesía1 aNeumann, Max eilustrador91614451 aManguel, Alberto d1948-eprologuista9123341 aGarcía de la Banda, Fernandoetraductor9161446 2loccBKLIT c8995d8995